Sobre la fotografía / (Registro nro. 8630)

Detalles MARC
000 -LIDER
fixed length control field 00818nam a22002657a 4500
001 - NÚMERO DE CONTROL
Identificador de número de control 4356999
003 - IDENTIFICACDOR DE NÚMERO DE CONTROL
control field DO-SdBNP
005 - DATE AND TIME OF LATEST TRANSACTION
control field 20171113095444.0
007 - CAMPOS FIJOS DE DESCRIPCIÓN FÍSICA
fixed length control field 4356999
008 - ELEMENTOS DE LONGITUD FIJA
fixed length control field 081016s2006 sp | |||| 000 0 spa
020 ## - ISBN
International Standard Book Number 9789870403043
040 ## - FUENTE DE CATALOGACIÓN
Agencia que crea de manera original el registro BPMSU
Idioma de catalogación spa
Agencia que realiza la transcripción BPMSU
082 #4 - NÚMERO DE CLASIFICACIÓN DECIMAL DE DEWEY
Classification number 770.1
Item number S699s
100 1# - ASIENTO PRINCIPAL -- NOMBRE PERSONAL
Nombre personal Sontag, Susan
Fechas asociadas con el nombre 1933-2004
240 10 - TITULO UNIFORME
Título uniforme On photography.
Idioma de una obra Español
245 10 - MENCIÓN DE TITULO
Título Sobre la fotografía /
Mención de responsabilidad Susan Sontag ; traducción de Carlos Gardini ; revisada por Aurelio Major
260 ## - PUBLICACIÓN, DISTRIBUCIÓN, ETC. (PIE DE IMPRENTA)
Lugar de publicación, distribución, etc Buenos Aires, Argentina :
Nombre del editor, distribuidor, etc. Afaguara,
Fecha de publicación, distribución, etc 2006
300 ## - DESCRIPCIÓN FÍSICA
Extensión 285 p.:
Dimensiones 23 cm
650 #7 - ENCABEZAMIENTO DE MATERIA--TEMÁTICO
Término temático o nombre geográfico como elemento de entrada FOTOGRAFÍA
Subdivisión temática general FILOSOFÍA
700 ## - ASIENTO SECUNDARIO -- NOMBRE PERSONAL
Nombre personal Gardini, Carlos
Mención de responsabilidad tr.
910 ## - VALIDACIÓN
Validación Validado. Control de calidad MFF
942 ## - ADDED ENTRY ELEMENTS (KOHA)
Source of classification or shelving scheme Dewey Decimal Classification
Koha item type Libros
945 ## - INFORMACIÓN DE PROCESAMIENTO LOCAL
Información de procesamiento local Inventariado, 2017/MFF
956 ## - LOCAL ELECTRONIC LOCATION AND ACCESS (OCLC)
Nombre de host VMATEO
Método de acceso 10
Materiales especificados 20151111
Enlace BPMSU
Campo enlazado y núm. de secuencia 00151
Existencias
Withdrawn status Lost status Source of classification or shelving scheme Damaged status Not for loan Collection code Home library Current library Date acquired Source of acquisition Total Checkouts Full call number Barcode Date last seen Price effective from Koha item type Copy number
    Dewey Decimal Classification     Colección General Biblioteca Pública Metropolitana Salomé Ureña Biblioteca Pública Metropolitana Salomé Ureña 11/11/2015 ALFAGUARA   770.1 S699s BPMSU15110173 11/11/2015 11/11/2015 Libros  
    Dewey Decimal Classification     Colección General Biblioteca Pública Metropolitana Salomé Ureña Biblioteca Pública Metropolitana Salomé Ureña 11/11/2015 ALFAGUARA   770.1 S699s BPMSU15110193 11/11/2015 11/11/2015 Libros e.2
    Dewey Decimal Classification     Colección General Biblioteca Pública Metropolitana Salomé Ureña Biblioteca Pública Metropolitana Salomé Ureña 11/11/2015 ALFAGUARA   770.1 S699s BPMSU15110194 11/11/2015 11/11/2015 Libros e.3